Leadership roles and management functions in nursing : (Record no. 58237)

MARC details
000 -LEADER
fixed length control field 02610 a2200241 4500
008 - FIXED-LENGTH DATA ELEMENTS--GENERAL INFORMATION
fixed length control field 230210b ||||| |||| 00| 0 eng d
020 ## - INTERNATIONAL STANDARD BOOK NUMBER
International Standard Book Number 9781496349798
020 ## - INTERNATIONAL STANDARD BOOK NUMBER
International Standard Book Number 9781496361400
020 ## - INTERNATIONAL STANDARD BOOK NUMBER
International Standard Book Number 1496361407
050 ## - LIBRARY OF CONGRESS CALL NUMBER
Classification number RT89
Item number .M38 2017
100 ## - MAIN ENTRY--PERSONAL NAME
Personal name Marquis, Bessie L.
245 ## - TITLE STATEMENT
Title Leadership roles and management functions in nursing :
Remainder of title theory and application /
Statement of responsibility, etc Bessie L. Marquis, Carol J. Huston
250 ## - EDITION STATEMENT
Edition statement 9th ed.
260 ## - PUBLICATION, DISTRIBUTION, ETC. (IMPRINT)
Name of publisher, distributor, etc Wolters Kluwer Health,
Date of publication, distribution, etc 2017
Place of publication, distribution, etc Philadelphia :
300 ## - PHYSICAL DESCRIPTION
Extent xxxiv, 734 pages :
Other physical details color illustrations ;
Dimensions 26 cm
500 ## - GENERAL NOTE
General note Includes bibliographical references and index <br/>
505 ## - FORMATTED CONTENTS NOTE
Formatted contents note Decision making, problem solving, critical thinking, and clinical reasoning: requisites for successful leadership and management -- Classical views of leadership and management -- Twenty-first-century thinking about leadership and management -- Ethical issues -- Legal and legislative issues -- Patient, subordinate, workplace, and professional advocacy -- Organizational planning -- Planned change -- Time management -- Fiscal planning -- Career planning and development in nursing -- Organizational structure -- Organizational, political, and personal power -- Organizing patient care -- Employee recruitment, selection, placement, and indoctrination -- Socializing and educating staff in a learning organization -- Staffing needs and scheduling policies -- Creating a motivating climate -- Organizational, interpersonal, and group communication -- Delegation -- Effective conflict resolution and negotiation -- Collective bargaining, unionization, and employment laws -- Quality control -- Performance appraisal -- Problem employees : rule breakers, marginal employees, and the chemically or psychologically impaired
520 ## - SUMMARY, ETC.
Summary, etc Taking an active learning approach, this Ninth Edition emphasizes the symbiotic elements of leadership and management. All professional nurses today face limited resources and emerging technologies, and this book prepares students through up-to-date and comprehensive coverage of leadership and management concepts, ranging from managing conflict and working collaboratively to organizing patient care and staffing. Benefitting students who often have limited opportunities to observe high-performing middle- and top-level managers in practice, a variety of real-world scenarios are featured throughout and provide opportunities for hands-on learning. -- Provided by publisher <br/>
650 ## - SUBJECT ADDED ENTRY--TOPICAL TERM
Topical term or geographic name as entry element Nursing services
General subdivision Administration
650 ## - SUBJECT ADDED ENTRY--TOPICAL TERM
Topical term or geographic name as entry element Leadership
700 ## - ADDED ENTRY--PERSONAL NAME
Personal name Huston, Carol Jorgensen
942 ## - ADDED ENTRY ELEMENTS (KOHA)
Item type Book
Source of classification or shelving scheme Library of Congress Classification
Holdings
Withdrawn status Lost status Source of classification or shelving scheme Damaged status Not for loan Collection code Home library Current library Shelving location Date acquired Source of acquisition Cost, normal purchase price Full call number Barcode Copy number Price effective from Koha item type Total Checkouts Date last seen
    Library of Congress Classification     Non-fiction Bishop Okullu Memorial Library (Limuru Campus) Bishop Okullu Memorial Library (Limuru Campus) General Circulation 10/02/2023 PURCHASE 5387.93 RT89 .M38 2017 069560 1 10/02/2023 Book    
    Library of Congress Classification     Non-fiction Bishop Okullu Memorial Library (Limuru Campus) Bishop Okullu Memorial Library (Limuru Campus) General Circulation 10/02/2023 PURCHASE 5387.93 RT89 .M38 2017 069561 2 10/02/2023 Book    
    Library of Congress Classification   Not For Loan Non-fiction Bishop Okullu Memorial Library (Limuru Campus) Bishop Okullu Memorial Library (Limuru Campus) Processing Center 27/04/2026 Donation- Pittsburgh   RT89 .M38 2017 073392 1 27/04/2026 Book   27/04/2026